Statistiques concernant Tous les pokémon de Jasmine

Cliquez ici pour prendre le quiz!

Statistiques générales

  • Ce quiz a été pris 18 fois
  • Le résultat moyen est 8 sur 10

Statistiques - réponses

HintRéponse% Correct
Magnéti
91%
Or & Argent
& Cristal
Steelix
91%
Airmure
82%
Archéodong
82%
Heartgold
& Soulsilver
Magnézone
82%
Noir2 & Blanc2Foretress
73%
Métalosse
73%
Lucario
64%
Mysdibule
64%
Pingoléon
64%

Distribution des résultats

Percentile par nombre de réponses

% des personnes avec chaque résultat

Votre développement - résultats

Vous n’avez pas pris ce quiz